| 000 | 00493nam a2200193Ia 4500 | ||
|---|---|---|---|
| 003 | GCL | ||
| 008 | 140319s9999 xx 000 0 eng d | ||
| 040 |
_aGCL / _cGCL |
||
| 082 | 0 | 4 |
_a747 _bC R |
| 100 | 1 | _aCHASE, LINDA | |
| 245 | 1 | 0 |
_aIN THE ROMANTIC STYLE / _cCHASE, LINDA |
| 700 | 1 | _aCERWINSKE, LAURA | |
| 260 |
_a[S.N] : _bTHAMES AND HUDSON ، _c1990 |
||
| 300 | _a160 P | ||
| 650 | 0 | 4 | _aINTERIOR DECORATION |
| 650 | 0 | 4 | _aINTERIOR DESIGN |
| 650 | 0 | 4 | _aROMANTIC STYLE |
| 942 |
_2ddc _cBK |
||
| 999 |
_c25686 _d25686 |
||